000 00731cam a22002533a 4500
001 5619
003 PGUSA
005 20140828083122.0
008 040501s2004||||xxu|||||s|||||000 | eng d
040 _aPGUSA
_beng
042 _adc
050 4 _aHB
100 1 _aPetty, William,
_cSir,
_d1623-1687
245 1 0 _aEssays on Mankind and Political Arithmetic
_h[electronic resource] /
_cWilliam, Petty
260 _bProject Gutenberg,
_c2004
506 _aPublic domain in the USA.
516 _aElectronic text
653 _aPopulation
653 _aLondon (England) -- Population
700 1 _aMorley, Henry,
_d1822-1894
830 0 _aProject Gutenberg
_v5619
856 4 0 _uhttp://www.gutenberg.org/ebooks/5619
942 _cEB
999 _c234947
_d234947